Biochimie structurale et métabolique : bioénergétique, protides, enzymologie, acides nucléiques (Record no. 41624)

MARC details
000 -LEADER
fixed length control field 00782 a2200325 4500
037 ## - SOURCE OF ACQUISITION
Source of stock number/acquisition 2, Achat
037 ## - SOURCE OF ACQUISITION
Stock number S 6245
037 ## - SOURCE OF ACQUISITION
Stock number S 6246
020 ## - NUMERO INTERNATIONAL NORMALISE DES LIVRES
International Standard Book Number 2-225-82318-9
100 ## - VEDETTE PRINCIPALE - NOM DE PERSONNE
Personal name Percheron, F.
100 ## - VEDETTE PRINCIPALE - NOM DE PERSONNE
Language of a work Fr
260 ## - PUBLICATION, DISTRIBUTION, ETC. (IMPRINT)
Place of publication, distribution, etc Paris
260 ## - PUBLICATION, DISTRIBUTION, ETC. (IMPRINT)
Place of publication, distribution, etc Milan
260 ## - PUBLICATION, DISTRIBUTION, ETC. (IMPRINT)
Place of publication, distribution, etc Barcelone
260 ## - PUBLICATION, DISTRIBUTION, ETC. (IMPRINT)
Name of publisher, distributor, etc Masson
245 ## - TITLE STATEMENT
Title Biochimie structurale et métabolique : bioénergétique, protides, enzymologie, acides nucléiques
260 ## - PUBLICATION, DISTRIBUTION, ETC. (IMPRINT)
Date of publication, distribution, etc 1991
250 ## - EDITION STATEMENT
Edition statement 3e éd. révisée et augmentée
300 ## - PHYSICAL DESCRIPTION
Extent 286 p.
300 ## - PHYSICAL DESCRIPTION
Other physical details 21cm
440 ## - SERIES STATEMENT/ADDED ENTRY--TITLE
Title Abréges
440 ## - SERIES STATEMENT/ADDED ENTRY--TITLE
International Standard Serial Number 0761-0211
630 ## - SUBJECT ADDED ENTRY--UNIFORM TITLE
Uniform title 57 - Biologie
650 ## - SUBJECT ADDED ENTRY--TOPICAL TERM
Topical term or geographic name as entry element 5 - SCIENCES EXACTES ET NATURELLES
650 ## - SUBJECT ADDED ENTRY--TOPICAL TERM
Topical term or geographic name as entry element Biochimie
700 ## - ADDED ENTRY--PERSONAL NAME
Personal name Perlès, R.
700 ## - ADDED ENTRY--PERSONAL NAME
Personal name Foglieti, M. J.
Holdings
Withdrawn status Lost status Damaged status Not for loan Location (home branch) Sublocation or collection (holding branch) Date acquired Koha issues (times borrowed) Koha full call number Koha date last seen Price effective from Koha item type
        Bibliothèque Universitaire Centrale Bibliothèque Universitaire Centrale 28/02/2009   577.1 PER 28/02/2009 28/02/2009 Livre


© 2008, Bibliothèques de l'Université d'Abomey-Calavi

04 BP 789 Cotonou, Tél. : +229 21 36 01 01, Fax : +229 21 35 06 32

Courriel : bu@bu.uac.bj